[Event "Eastern Open"]
[Site "Washington DC USA"]
[Date "1999.12.27"]
[Round "3"]
[White "Privman,B"]
[Black "Kaufman,La"]
[Result "1-0"]
[WhiteElo "2192"]
[BlackElo "2427"]

1.d4 Nf6 2.c4 g6 3.Nf3 Bg7 4.g3 O-O 5.Bg2 d6 6.O-O Nc6 7.Nc3 a6 8.h3 Rb8
9.d5 Na5 10.Qd3 c5 11.e4 b5 12.Nd2 Nd7 13.f4 Nxc4 14.Nxc4 bxc4 15.Qxc4 a5
16.Nd1 Qb6 17.Rf2 Ba6 18.Qc2 Rfc8 19.Be3 Qd8 20.Rc1 Nb6 21.Bf1 Bxf1 22.Kxf1 Qd7
23.Kg2 e6 24.dxe6 Qxe6 25.Rd2 d5 26.f5 gxf5 27.exf5 Qc6 28.Bf4 Rb7 29.Nf2 Nc4
30.Re2 Rxb2 31.Qd1 Rxe2 32.Qxe2 Re8 33.Qf3 Qd7 34.Qh5 Qe7 35.Kg1 Qe2 36.Qh4 Bd4
37.Rf1 Kh8 38.Bg5 Qb2 39.Kh1 Nd2 40.Nd1 Qa1 41.Bxd2 Qxa2 42.Bc3 Bxc3 43.Nxc3 Qd2
44.Qf6+ Kg8 45.Qc6 Rd8 46.Qxc5 d4 47.Nd5 Qe2 48.Kg1 d3 49.Ne7+ Kg7 50.f6+ Kh6
51.g4  1-0

[Event "Open"]
[Site "Groningen NED"]
[Date "1999.12.30"]
[Round "11"]
[White "Nenashev,A"]
[Black "Kasimdzhanov,R"]
[Result "1/2-1/2"]
[WhiteElo "2584"]
[BlackElo "2603"]

1.d4 Nf6 2.c4 g6 3.g3 Bg7 4.Bg2 O-O 5.Nf3 d6 6.O-O Nc6 7.Nc3 a6 8.e4 Bg4
9.Be3 Re8 10.Qc2 Bxf3 11.Bxf3 e5 12.d5 Nd4 13.Bxd4 exd4 14.Ne2 Qe7 15.Rfe1  1/2-1/2

[Event "Alushta3"]
[Site "Alushta"]
[Date "1999.??.??"]
[Round "?"]
[White "Khurtsidze, Nino"]
[Black "Kuzmin, Gennadi P"]
[Result "1-0"]
[WhiteElo "2405"]
[BlackElo "2546"]

1.d4 g6 2.c4 Bg7 3.Nf3 Nf6 4.g3 O-O 5.Bg2 d6 6.Nc3 c6 7.O-O Qa5 8.e4 Be6
9.Qe2 Qh5 10.b3 Bh3 11.Bb2 Nbd7 12.Rad1 Bg4 13.e5 dxe5 14.h3 exd4 15.hxg4 Nxg4
16.Ne4 e5 17.Rfe1 f5 18.Nd6 c5 19.Nxb7 Rab8 20.Nd6 Rb6 21.Nb5 g5 22.b4 e4
23.bxc5 d3 24.Rxd3 exd3 25.Qxd3 Nxc5 26.Qd5+ Qf7 27.Re7  1-0

[Event "Athens op"]
[Site "Athens"]
[Date "1999.??.??"]
[Round "7"]
[White "Khurtsidze, Nino"]
[Black "Guseinov, Aidyn"]
[Result "0-1"]
[WhiteElo "2405"]
[BlackElo "2513"]

1.d4 Nf6 2.c4 g6 3.Nf3 Bg7 4.g3 O-O 5.Bg2 d6 6.O-O c6 7.Nc3 Qb6 8.h3 Qa6
9.b3 b5 10.cxb5 cxb5 11.a4 b4 12.Nb5 Qb6 13.Ne5 d5 14.Qc2 a6 15.Nc7 Ra7 16.Nxd5 Nxd5
17.Bxd5 Rc7 18.Qe4 Bxh3 19.Rd1 Be6 20.Nc4 Bxd5 21.Qxd5 Qa7 22.Bb2 Nc6 23.e3 e6
24.Qf3 Ne7 25.Rac1 Nd5 26.e4 Ne7 27.Rc2 f5 28.d5 fxe4 29.Qxe4 exd5 30.Qe6+ Kh8
31.Bxg7+ Kxg7 32.Qe5+ Rf6 33.g4 h6 34.Nd6 Rxc2 35.Ne8+ Kf7 36.Qxf6+ Kxe8
37.Re1 Rc7 38.Qh8+ Kd7 39.Qf8 Qc5 40.Re5 Qd6  0-1

[Event "Athens op"]
[Site "Athens"]
[Date "1999.??.??"]
[Round "9"]
[White "Vul, Arkadi Eremeevich"]
[Black "Grivas, Efstratios"]
[Result "1/2-1/2"]
[WhiteElo "2454"]
[BlackElo "2528"]

1.Nf3 Nf6 2.c4 g6 3.g3 Bg7 4.d4 O-O 5.Bg2 d6 6.Nc3 Nc6 7.O-O Bf5 8.d5 Na5
9.Nd4 Bd7 10.b3 c5 11.Nc2 a6 12.Rb1 Qc7 13.Bb2 b5 14.cxb5 axb5 15.b4 Nc4
16.Ba1 Rfc8 17.bxc5 Qxc5 18.Nb4 Ng4 19.Ne4 Qb6 20.Bxg7 Kxg7 21.Rb3 Kg8 22.Qd3 Nge5
23.Qd1 Ra4 24.Nc3 Ra7 25.Nc6 Nxc6 26.Rxb5 Qa6 27.dxc6 Bxc6 28.Bxc6 Qxc6 29.Qd4 Rac7
30.a4 Nd2 31.Qxd2 Qxc3 32.Qxc3 Rxc3 33.Rb7 e6 34.Ra1 Rc1+ 35.Rxc1 Rxc1+ 36.Kg2 Ra1
37.Ra7 Kg7 38.e4 Kf6 39.Ra5 h5 40.h4 Ra3 41.Kf1 Ra2 42.Ke1 e5 43.Ra8 Ke6
44.a5 f5 45.exf5+ gxf5 46.a6 Kd5 47.a7 Ke4 48.Rd8 Rxa7 49.Rxd6 Kf3 50.Rf6 Ra1+
51.Kd2 Ra2+ 52.Ke1 f4 53.gxf4 exf4 54.Rf5 Re2+ 55.Kd1 Rxf2 56.Rxh5 Rh2 57.Rh8 Ke3
58.h5 f3  1/2-1/2

[Event "AUT-chT2O 9899"]
[Site "AUT"]
[Date "1999.??.??"]
[Round "7"]
[White "Steiner, Heinz"]
[Black "Schuh, Franz"]
[Result "1/2-1/2"]
[WhiteElo "2160"]
[BlackElo "2265"]

1.d4 Nf6 2.Nf3 g6 3.c4 Bg7 4.g3 O-O 5.Bg2 d6 6.Nc3 c6 7.O-O Nbd7 8.e4 e5
9.Re1 Qc7 10.h3 a5 11.Be3 Re8 12.Rc1 a4 13.d5 Bf8 14.Qc2 Qa5 15.Nd2 Nc5 16.Kh2 Bd7
17.f4 exf4 18.Bxf4 Rac8 19.Bg5 Bg7 20.Bf4 cxd5 21.cxd5 b5 22.a3 Qb6 23.Bf3 h6
24.Be3 b4 25.axb4 Qxb4 26.Na2 Qb8 27.Qb1 Nb3 28.Nxb3 Qxb3 29.Nc3 Rb8 30.Re2 Rec8
31.Qc2 a3 32.bxa3 Rxc3 33.Qxc3 Ng4+ 34.Bxg4 Bxc3 35.Bxd7 Qxa3 36.Bxh6 Rb2
37.Rcc2 Rb1 38.Bg4 Be5 39.Bf4 Qa1 40.Bf3 Bxf4 41.gxf4 Qf6 42.f5 Qe5+ 43.Kg2 gxf5
44.exf5 Qxf5 45.Re4 Kf8 46.Rce2 Qg5+ 47.Rg4 Qc1 48.Kg3 Qf1 49.Rf4 Rb3 50.Rg2 Qe1+
51.Rf2 Qe5 52.Kg4 f6 53.Kg3 Qg5+ 54.Rg4 Qxd5 55.Kg2 Qd3 56.Re4 d5 57.Re6 Kg7
58.Rxf6 Kxf6 59.Be4+ Ke5 60.Bxd3 Rxd3 61.h4 d4 62.h5 Rc3 63.h6 Rc6 64.h7 Rh6
65.Rf7 Ke4 66.Re7+ Kd3 67.Rf7  1/2-1/2

[Event "Bad Woerishofen op"]
[Site "Bad Woerishofen"]
[Date "1999.??.??"]
[Round "4"]
[White "Eingorn, Vereslav S"]
[Black "Kupreichik, Viktor D"]
[Result "1-0"]
[WhiteElo "2592"]
[BlackElo "2457"]

1.d4 Nf6 2.Nf3 g6 3.c4 Bg7 4.g3 O-O 5.Bg2 d6 6.Nc3 Nc6 7.h3 e5 8.Be3 Bd7
9.Qd2 Qc8 10.Rd1 Re8 11.b3 a6 12.g4 h5 13.dxe5 Nxe5 14.Nxe5 Rxe5 15.Bd4 Re8
16.Qf4 Nh7 17.gxh5 g5 18.Qg3 Bxd4 19.Rxd4 Kh8 20.h6 Bc6 21.h4 Qf5 22.Bd5 Bxd5
23.Rxd5 Re5 24.hxg5 Rxd5 25.cxd5 Qxg5 26.Qxg5 Nxg5 27.Rh4 Re8 28.Kd2 Kh7
29.Rb4 b5 30.a4 Kxh6 31.axb5 axb5 32.Rxb5 Ne4+ 33.Nxe4 Rxe4 34.Kd3 f5 35.e3 Kg5
36.Rb7 Re7 37.Rb4 Kf6 38.f4 Rh7 39.Rb7 Rh1 40.Rxc7 Rd1+ 41.Kc2 Rxd5 42.b4 Rb5
43.Kb3 Rb8 44.Kc4 Re8 45.b5 Rxe3 46.b6 Re1 47.b7 Rb1 48.Kd5 Kg6 49.Kxd6 Kh5
50.Rg7 Kh6 51.Rd7 Kh5 52.Kc7 Kg4 53.Rd4 Rc1+ 54.Kb8  1-0

[Event "Bad Woerishofen op"]
[Site "Bad Woerishofen"]
[Date "1999.??.??"]
[Round "6"]
[White "Eingorn, Vereslav S"]
[Black "Georgiev, Vladimir"]
[Result "1/2-1/2"]
[WhiteElo "2592"]
[BlackElo "2508"]

1.Nf3 Nf6 2.c4 d6 3.d4 g6 4.g3 Bg7 5.Bg2 O-O 6.Nc3 c6 7.h3 Qa5 8.Bd2 Qa6
9.b3 b5 10.cxb5 cxb5 11.O-O Bb7 12.Re1 Ne4 13.e3 Nd7 14.a4 Nxc3 15.Bxc3 Rfc8
16.Bd2 Nf6 17.Qe2 bxa4 18.Qxa6 Bxa6 19.Rxa4 Bb5 20.Ra2 a6 21.Ba5 Rab8 22.Nd2 Bd3
23.Bf1 Bxf1 24.Kxf1 d5  1/2-1/2

[Event "ROM-ch sf"]
[Site "Baile Tusnad"]
[Date "1999.??.??"]
[Round "1"]
[White "Bodnar, Ovidiu"]
[Black "Dumitrescu, Dragos"]
[Result "0-1"]
[WhiteElo "2135"]
[BlackElo "2394"]

1.d4 Nf6 2.c4 g6 3.g3 Bg7 4.Bg2 O-O 5.Nf3 d6 6.O-O Nc6 7.d5 Na5 8.Qa4 c5
9.Bd2 b6 10.Bc3 Bd7 11.Qc2 b5 12.cxb5 Nxd5 13.Bxg7 Kxg7 14.Nfd2 e6 15.Nc3 Nb4
16.Qc1 Rc8 17.a3 f5 18.Qb1 Nd5 19.Nxd5 exd5 20.Bxd5 Bxb5 21.b4 Bc6 22.Qa2 Nb7
23.e4 Bxd5 24.Qxd5 Rc7 25.e5 dxe5 26.Qxe5+ Rf6 27.Rad1 Rd7 28.Qb2 c4 29.Rfe1 Rd3
30.Qc1 Rfd6 31.Re2 c3 32.Qa1 Kh6  0-1

[Event "ROM-ch sf"]
[Site "Baile Tusnad"]
[Date "1999.??.??"]
[Round "6"]
[White "Gireada, Daniel"]
[Black "Dragomirescu, Calin"]
[Result "1/2-1/2"]
[WhiteElo "2205"]
[BlackElo "2243"]

1.d4 Nf6 2.c4 g6 3.Nf3 Bg7 4.g3 O-O 5.Bg2 d6 6.O-O c6 7.Nc3 a6 8.e4 b5 9.Qe2 bxc4
10.Qxc4 d5 11.exd5 cxd5 12.Qa4 Bf5 13.Bf4 Nbd7 14.Ne5 e6 15.Rfc1 Nxe5 16.Bxe5 Bh6
17.Re1 Ng4 18.Ne2 Nxe5 19.dxe5 Rc8 20.Qxa6 d4 21.Red1 d3 22.Nc3 d2 23.Qa4 Qb6
24.Qh4 Qxb2 25.Qxh6 Qxc3 26.Qxd2 Qxe5 27.Rac1 Rb8 28.Qd4 Qxd4 29.Rxd4 Rb2
30.a4 Rfb8 31.h3 Ra2 32.g4 e5 33.Rd5 Be6 34.Rxe5 Rbb2 35.Bc6 Rxf2 36.Re3 Rfd2
37.Rec3 Kg7 38.Rb1 Kf6 39.Re1 Kg5 40.Rc5+ Kh4 41.Rc3 Bd5 42.Bxd5 Rxd5 43.Rf1 Rd7
44.Rcf3 Rxa4 45.Rxf7 Rxf7 46.Rxf7 Kg3 47.Kf1 Ra1+ 48.Ke2 Kxh3 49.Rxh7+ Kxg4
50.Kf2 Ra2+ 51.Kf1 g5 52.Rg7 Kf3 53.Kg1 g4 54.Rf7+ Kg3 55.Rf1 Rg2+ 56.Kh1 Rf2
57.Rb1 Kh3 58.Rb3+ g3 59.Kg1  1/2-1/2

[Event "Regionalliga NO9899"]
[Site "Bayern"]
[Date "1999.??.??"]
[Round "?"]
[White "Kustar, Sandor"]
[Black "Ahmeti, Musa"]
[Result "1-0"]
[WhiteElo "2405"]
[BlackElo "2115"]

1.Nf3 Nf6 2.g3 g6 3.Bg2 Bg7 4.c4 d6 5.d4 O-O 6.O-O c6 7.Nc3 Nbd7 8.e4 e5
9.h3 Re8 10.Re1 Qb6 11.d5 cxd5 12.cxd5 Nc5 13.Rb1 a5 14.b3 Bd7 15.Bf1 Nh5
16.Be3 Rec8 17.a3 Qd8 18.Rc1 Qf8 19.Nd2 a4 20.b4 Nb3 21.Nxb3 axb3 22.Qxb3 Bh6
23.Nb5 Bxb5 24.Bxb5 f5 25.Rxc8 Rxc8 26.Bd7 Bxe3 27.Bxc8 Bxf2+ 28.Kxf2 Qxc8
29.exf5 gxf5 30.Qf3 Nf6 31.g4 f4 32.g5 Ne8 33.Qd3 Ng7 34.g6 h5 35.Re2 Ne8
36.Rc2 Qd7 37.b5 Kg7 38.b6 Kh6 39.Kg1 Qd8 40.Kh2 Ng7 41.Rc7 Qh4 42.Rc2 Qd8
43.Rb2 Qf6 44.Rg2 Qd8 45.Qc4 Ne8 46.g7 Nxg7 47.Qc7 Qf8 48.Qxg7+ Qxg7 49.Rxg7 Kxg7
50.a4  1-0

[Event "Landesliga Nord 9899"]
[Site "Bayern"]
[Date "1999.??.??"]
[Round "?"]
[White "Reinhart, Harald"]
[Black "Pauli, Alexander"]
[Result "0-1"]
[WhiteElo "2170"]
[BlackElo "2095"]

1.d4 Nf6 2.c4 d6 3.Nf3 g6 4.g3 Bg7 5.Bg2 O-O 6.Nc3 c6 7.O-O Bf5 8.Nh4 Bd7
9.d5 cxd5 10.cxd5 b5 11.Be3 b4 12.Nb1 Na6 13.a3 Qb8 14.axb4 Nxb4 15.Nc3 Ng4
16.Bg5 Re8 17.Nf3 a5 18.h3 Ne5 19.Nxe5 Bxe5 20.Qd2 Qc8 21.h4 Qc4 22.Rfc1 Qd4
23.Ra3 Qxd2 24.Bxd2 a4 25.Kh2 Reb8 26.f4 Bd4 27.e3 Bg7 28.Bf1 f5 29.Be2 Kf8
30.h5 gxh5 31.Kg2 Nxd5 32.Nxd5 Bxb2 33.Raa1 Bxa1 34.Rxa1 Rb2 35.Rd1 a3 36.Kf1 Rxd2  0-1

[Event "Oberliga Bayern9899"]
[Site "Bayern"]
[Date "1999.??.??"]
[Round "?"]
[White "Pitschka, Claus"]
[Black "Martin, Thomas"]
[Result "0-1"]
[WhiteElo "2215"]
[BlackElo "2250"]

1.d4 Nf6 2.Nf3 g6 3.c4 Bg7 4.g3 O-O 5.Bg2 d6 6.Nc3 Nc6 7.O-O a6 8.h3 Rb8
9.Bg5 b5 10.cxb5 axb5 11.d5 b4 12.Bxf6 exf6 13.dxc6 bxc3 14.b3 f5 15.Nd4 f4
16.Rc1 Qf6 17.e3 fxe3 18.fxe3 Qe5 19.Qf3 Rb4 20.Kh2 Ba6 21.Rf2 Qc5 22.Rfc2 Bxd4
23.exd4 Qxd4 24.Rxc3 Re8 25.Bf1 Bxf1 26.Rxf1 f5 27.Rd3 Qe5 28.Rf2 Re4 29.Kg2 Kg7
30.a3 Qc5 31.g4 Re3 32.Qd5 Qxd5+ 33.Rxd5 fxg4 34.hxg4 Rxb3 35.Rf3 Re2+ 36.Kg3 Rxf3+
37.Kxf3 Rc2 38.a4 Rxc6 39.g5 Rc4 40.a5 Ra4 41.Rb5 Kf7 42.Rb7 Rxa5 43.Rxc7+ Ke6
44.Rxh7 Rxg5 45.Kf4 Rf5+ 46.Ke4 d5+ 47.Ke3 Kf6 48.Rh1 g5 49.Rg1 Rf4 50.Ra1 d4+
51.Kd3 Kf5 52.Rh1 g4 53.Rh5+ Kg6 54.Rh8 Kg5 55.Rh7 g3  0-1

[Event "Berlin Tegel-B"]
[Site "Berlin"]
[Date "1999.??.??"]
[Round "5"]
[White "Jasnikowski, Zbigniew"]
[Black "Welling, Gerard"]
[Result "1-0"]
[WhiteElo "2405"]
[BlackElo "2370"]

1.d4 Nf6 2.Nf3 g6 3.c4 Bg7 4.g3 O-O 5.Bg2 d6 6.Nc3 c6 7.O-O Qa5 8.e4 Bg4
9.h3 Bxf3 10.Bxf3 e5 11.Be3 Nbd7 12.Rb1 Rfe8 13.Qd2 Qc7 14.Bg2 a5 15.b3 a4
16.dxe5 Nxe5 17.f4 Ned7 18.Rfd1 axb3 19.axb3 Qa5 20.b4 Qa6 21.c5 dxc5 22.bxc5 Nf8
23.e5 N6d7 24.Ne4 Ne6 25.Qb2 Rad8 26.Ra1 Qb5 27.Qc2 Nxe5 28.fxe5 Bxe5 29.Rab1 Rxd1+
30.Qxd1 Qa6 31.Bf1 Qa3 32.Qb3 Ra8 33.Qxa3 Rxa3 34.Bf2 f5 35.Nd6 Rc3 36.Bc4  1-0

[Event "Bretagne"]
[Site "Bretagne"]
[Date "1999.??.??"]
[Round "7"]
[White "Le Roux, Jean Pierre"]
[Black "Herdier, Goulwenn"]
[Result "1/2-1/2"]
[WhiteElo "2250"]
[BlackElo "2225"]

1.d4 Nf6 2.c4 g6 3.Nf3 Bg7 4.g3 d6 5.Bg2 O-O 6.O-O c5 7.Nc3 Nc6 8.d5 Na5
9.Nd2 a6 10.Qc2 Rb8 11.b3 b5 12.Bb2 Bd7 13.Nd1 e6 14.dxe6 Bxe6 15.Ne3 bxc4
16.Ndxc4 Nxc4 17.Nxc4 d5 18.Rfd1 Qc8 19.Ne3 d4 20.Nc4 Nd5 21.Nd6 Qc7 22.Ne4 Rfc8
23.e3 Nb4 24.Qe2 Qb6 25.Ng5 Bf5 26.Qc4 Qf6 27.h4 h6 28.e4 Bd7 29.e5 Qe7 30.Nf3 Bb5
31.Qc1 Nd3 32.Qd2 Nxe5 33.Nxe5 Qxe5 34.Re1 Qd6 35.Rac1 Re8 36.a4 Bc6 37.Rxe8+ Rxe8
38.Bxc6 Qxc6 39.Ba3 Qf3 40.Bxc5 Qxb3 41.Bxd4 Qxa4 42.Bxg7 Kxg7 43.Qb2+ Kg8
44.Qf6 a5 45.h5 Qe4 46.hxg6 Qxg6 47.Qd4 Qe4 48.Qd2 Qb4  1/2-1/2

[Event "Cannes"]
[Site "Cannes"]
[Date "1999.??.??"]
[Round "3"]
[White "Izeta Txabarri, Felix"]
[Black "Giffard, Nicolas"]
[Result "1/2-1/2"]
[WhiteElo "2516"]
[BlackElo "2369"]

1.d4 Nf6 2.Nf3 g6 3.c4 Bg7 4.g3 O-O 5.Bg2 d6 6.Nc3 Nc6 7.O-O Rb8 8.b3 a6
9.Nd5 Ne8 10.Bb2 e6 11.Nf4 b5 12.Rc1 bxc4 13.Rxc4 Ne7 14.Qd2 Bb7 15.Rfc1 Bh6
16.e3 Be4 17.Ne1 Bxg2 18.Nexg2 Qc8 19.Ne1 Bxf4 20.gxf4 Rb5 21.Qe2 Rh5 22.Qf3 f5
23.Nd3 Nd5 24.Nb4 Nef6 25.Nxd5 Nxd5 26.Rc6 Qe8 27.Rxc7 Nxc7 28.Rxc7 d5 29.Ba3 Rf7
30.Rc3 Rd7 31.Qe2 Ra7 32.Bd6 g5 33.Qc2 Ra8 34.Rc7 gxf4 35.Bxf4 Rh4 36.f3 Rxf4
37.exf4 Qg6+ 38.Kh1 Qf6 39.Qe2 Re8 40.Qe5  1/2-1/2

[Event "Cannes"]
[Site "Cannes"]
[Date "1999.??.??"]
[Round "4"]
[White "Drasko, Milan"]
[Black "Kazhgaleyev, Murtas"]
[Result "1/2-1/2"]
[WhiteElo "2505"]
[BlackElo "2547"]

1.d4 Nf6 2.c4 g6 3.Nf3 Bg7 4.g3 O-O 5.Bg2 d6 6.O-O Nc6 7.Nc3 a6 8.Bd2 Rb8
9.Rc1 Bd7 10.d5 Na5 11.b3 c5 12.dxc6 Bxc6 13.Bg5 Ne4 14.Nxe4 Bxe4 15.Qd2 Nc6
16.Rfd1 Qb6 17.Nh4 Bxg2 18.Nxg2 Qc5 19.h4 Rfc8 20.Nf4 Qf5 21.Nd5 Re8 22.Kg2 h5
23.f3 Qd7 24.e4  1/2-1/2

[Event "Cappelle op"]
[Site "Cappelle la Grande"]
[Date "1999.??.??"]
[Round "9"]
[White "Kaabi, Mejdi"]
[Black "Petkevich, Jusefs"]
[Result "0-1"]
[WhiteElo "2327"]
[BlackElo "2452"]

1.d4 Nf6 2.Nf3 g6 3.c4 Bg7 4.g3 O-O 5.Bg2 d6 6.O-O c6 7.Nc3 Na6 8.b3 Qa5
9.Qd2 Re8 10.Bb2 Qh5 11.Qg5 Bg4 12.Qxh5 Nxh5 13.Rad1 Rab8 14.h3 Bd7 15.e3 f5
16.Rfe1 b5 17.cxb5 cxb5 18.Rc1 Nf6 19.Bf1 Nb4 20.a3 Nbd5 21.Nxd5 Nxd5 22.Bg2 Rec8
23.Ne5 dxe5 24.Bxd5+ e6 25.Bg2 e4 26.Bf1 Bc6 27.b4 a6 28.Rc2 Bd5 29.Rec1 Rxc2
30.Rxc2 Rb7 31.Be2 Bf8 32.Kf1 Bd6 33.Ke1 Rb8 34.Kd2 Kf7 35.h4 h6 36.Rc1 g5
37.Rh1 Kg7 38.Bc3 Rc8 39.hxg5 hxg5 40.Rh5 Kg6 41.Rh1 f4 42.g4 Rf8 43.Kc1 fxe3
44.fxe3 Rf2 45.Bd1 Bh2 46.Bd2 Rg2 47.Bc2 Bg1 48.a4 Rxg4 49.axb5 axb5 50.Rh3 Rh4
51.Rg3 Bf2 52.Rg2 Rh1+ 53.Bd1 Bh4 54.Kc2 Bc4 55.Bc3 Bf1 56.Re2 g4  0-1

[Event "Clichy"]
[Site "Clichy"]
[Date "1999.??.??"]
[Round "8"]
[White "Verat, Laurent"]
[Black "Claverie, Christophe"]
[Result "1/2-1/2"]
[WhiteElo "2294"]
[BlackElo "2303"]

1.d4 Nf6 2.c4 d6 3.Nf3 g6 4.g3 Bg7 5.Bg2 O-O 6.Nc3 c6 7.O-O Qa5 8.h3 Be6
9.Qd3 Qa6 10.b3 d5 11.Ne5 dxc4 12.Nxc4 Rd8 13.Rd1 Nfd7 14.e3 Nb6 15.Nxb6 Qxd3
16.Rxd3 axb6 17.Bb2 Na6 18.Rd2 Nb4 19.Na4 Nxa2 20.Nxb6 Ra6 21.Na4 Ra5 22.Rd3 Nb4
23.Rc3 Rda8 24.Ba3 Nd5 25.Rcc1 b5 26.e4 bxa4 27.exd5 Bxd5 28.Bxd5 Rxd5 29.Bxe7 Re8
30.Bc5 axb3 31.Rab1 Rb8 32.Rc3 b2 33.Rc2 Rxd4 34.Bxd4 Bxd4 35.Kf1 c5 36.Ke2 Rb3
37.Rd2 h5 38.Rd3 Rb6 39.Rf3 Kg7 40.Kd2 Rb4 41.Kc2 Rc4+ 42.Kb3 Rc1 43.Rxb2 Bxb2
44.Kxb2 Re1 45.Kc3 Re6 46.Rd3 Rf6 47.f3 Ra6 48.Kc4 Ra5 49.h4 Kf6 50.Rd6+ Ke5
51.Rd5+ Ke6 52.Rd3 Ra1 53.Kxc5 Rg1 54.Kd4 Rxg3 55.Ke3 Rh3 56.Rd4 Rh2 57.Ra4 f6
58.Ra6+ Kf7 59.Ra7+ Kg8 60.Ra4 Kh7 61.Rf4 Kg7 62.Ra4 g5 63.hxg5 fxg5 64.Ra7+ Kf6
65.Ra6+ Ke7 66.Ra7+ Kd6 67.Ra6+ Kc7 68.Rg6 Rg2 69.Rh6 h4 70.f4 Rg3+ 71.Kf2 g4
72.Rxh4  1/2-1/2

[Event "Creon op"]
[Site "Creon"]
[Date "1999.??.??"]
[Round "?"]
[White "Rausis, Igors"]
[Black "Popescu, Daniel Dorin"]
[Result "1-0"]
[WhiteElo "2508"]
[BlackElo "2365"]

1.d4 Nf6 2.Nf3 g6 3.c4 Bg7 4.g3 O-O 5.Bg2 d6 6.O-O Nbd7 7.b3 e5 8.Nc3 Re8
9.e3 c6 10.Bb2 e4 11.Nd2 d5 12.f3 Qe7 13.fxe4 Nxe4 14.Ndxe4 dxe4 15.Nxe4 f5
16.Nf2 Qxe3 17.Re1 Qxe1+ 18.Qxe1 Rxe1+ 19.Rxe1 Nf6 20.d5 cxd5 21.cxd5 Bd7
22.Re7 Rd8 23.Nd3 Bc8 24.Nf4 Ne8 25.Bxg7 Nxg7 26.d6 Rxd6 27.Bd5+ Kh8 28.Rc7 Be6
29.Bxb7 g5 30.Nd5 Nh5 31.Rc5 f4 32.Kf2 fxg3+ 33.hxg3 Kg7 34.Nc7 Bf7 35.Rxg5+ Kf6
36.Ra5 Rd2+ 37.Ke3 Rd7 38.Rc5 Nxg3 39.Bc8 Re7+  1-0

[Event "CZE-chT2 9899"]
[Site "CZE"]
[Date "1999.??.??"]
[Round "?"]
[White "Cesal, Jaroslav"]
[Black "Tupy, Martin"]
[Result "1-0"]
[WhiteElo "2320"]
[BlackElo "2215"]

1.d4 Nf6 2.Nf3 g6 3.c4 Bg7 4.g3 O-O 5.Bg2 d6 6.O-O Nbd7 7.h3 e5 8.Be3 Qe7
9.Nc3 c6 10.Rc1 Nh5 11.dxe5 Nxe5 12.Nxe5 Bxe5 13.Qd2 f5 14.Bg5 Qf7 15.f4 Bg7
16.Kh2 Be6 17.Qxd6 h6 18.Bh4 Bxc4 19.b3 Be6 20.e4 Rae8 21.e5 g5 22.fxg5 Qg6
23.gxh6 Bxh6 24.Rcd1 Rf7 25.Bf3 f4 26.g4 Ng3 27.Rfe1 Rd7 28.Qb4 Rh7 29.Ne4 Bf8
30.Qd2 Rxh4 31.Nf6+ Kh8 32.Qxf4 Nh5 33.Nxh5 Qxh5 34.Qf6+ Bg7 35.gxh5 Bxf6
36.exf6 Rxh3+ 37.Kg2 Rg8+ 38.Kf2 Rh2+ 39.Ke3 Rf8 40.Re2 Rxe2+ 41.Bxe2 Rxf6
42.Rd8+ Kg7 43.Ra8 a6 44.Rb8 Rf7 45.Kd4 a5 46.Bc4 Bxc4 47.Kxc4 Kh6 48.Kc5 Kxh5
49.Ra8 Rf5+ 50.Kb6 Rb5+ 51.Kc7 c5 52.Kd6 b6 53.Ra6 Rb4 54.Kc6 c4 55.bxc4 Kg5
56.Rxb6 Ra4 57.c5 Rxa2 58.Kb7 Rc2 59.Rb5 a4 60.c6+  1-0

[Event "CZE-chT2 9899"]
[Site "CZE"]
[Date "1999.??.??"]
[Round "?"]
[White "Bretsnajdr, Vladimir"]
[Black "Jedlicka, Ales"]
[Result "0-1"]
[WhiteElo "2285"]
[BlackElo "2155"]

1.Nf3 Nf6 2.c4 d6 3.d4 g6 4.g3 Bg7 5.Bg2 O-O 6.O-O Nc6 7.d5 Na5 8.Nfd2 c5
9.Nc3 a6 10.Qc2 Rb8 11.b3 b5 12.Bb2 e5 13.Rae1 Nh5 14.Nd1 f5 15.f4 e4 16.Bxg7 Nxg7
17.e3 Bd7 18.Nc3 Qf6 19.Rb1 Rb7 20.Rfc1 h6 21.Bf1 b4 22.Ne2 Rb6 23.Qb2 Qe7
24.a3 Nb7 25.Ra1 a5 26.Bg2 g5 27.a4 Be8 28.g4 Bg6 29.gxf5 Nxf5 30.Bxe4 Nh4
31.Ng3 gxf4 32.exf4 Rxf4 33.Rf1 Qe5 34.Qxe5 dxe5 35.Rae1 Rbf6 36.Bg2 Bd3
37.Rxf4 exf4 38.Nh5 Rf5 39.Re7 Rxh5 40.Be4 Rg5+ 41.Kf2 Bxe4 42.Nxe4 Rg7 43.Re8+ Kf7
44.Rc8 Kg6 45.Nxc5 Nxc5 46.Rxc5 Kf5 47.d6+ Ke4 48.Rd5 Rd7 49.Rd1 Nf3 50.c5 Nd4
51.Re1+ Kd5 52.Re7 Kc6 53.Re4 Nxb3 54.Rxf4 Nxc5  0-1

[Event "Moravia-chT 9899"]
[Site "CZE"]
[Date "1999.??.??"]
[Round "10"]
[White "Potomak, Vladimir"]
[Black "Petrzelka, Josef"]
[Result "1-0"]
[WhiteElo "2215"]
[BlackElo "2165"]

1.c4 Nf6 2.d4 g6 3.g3 Bg7 4.Bg2 O-O 5.Nf3 d6 6.O-O c6 7.Nc3 Qa5 8.h3 e5 9.e4 exd4
10.Nxd4 Qc5 11.Nb3 Qxc4 12.Qxd6 a5 13.Bf4 Nh5 14.Be3 Nd7 15.Rac1 Qb4 16.Rfd1 Re8
17.g4 Qxd6 18.Rxd6 Nhf6 19.Rdd1 a4 20.Nd2 Bf8 21.Nc4 Re6 22.f4 Ne8 23.e5 f5
24.Ne2 Ng7 25.Nd4 Re7 26.Nd6 fxg4 27.hxg4 g5 28.Nxc6 bxc6 29.Bxc6 Rb8 30.Bd5+ Kh8
31.Nxc8 Re8 32.Bc6 Rexc8 33.Bxd7 Rd8 34.f5  1-0

[Event "CZE-chT 9899"]
[Site "CZE"]
[Date "1999.??.??"]
[Round "11"]
[White "Tibensky, Robert"]
[Black "Chytilek, Roman"]
[Result "1-0"]
[WhiteElo "2435"]
[BlackElo "2370"]

1.d4 Nf6 2.c4 g6 3.Nf3 Bg7 4.g3 O-O 5.Bg2 d6 6.O-O c6 7.Nc3 Bf5 8.Ne1 Qc8
9.Nd3 Bh3 10.e4 Bxg2 11.Kxg2 Nbd7 12.f4 e6 13.Be3 b6 14.b4 Qa6 15.b5 Qb7
16.Qf3 cxb5 17.cxb5 Rfc8 18.Rfc1 d5 19.exd5 Nxd5 20.Nxd5 exd5 21.Nb4 Nf6
22.Rc6 Qe7 23.Bd2 Re8 24.Re1 Qd7 25.Re5 Ne4 26.Rxd5 Qe7 27.Be1 Ng5 28.fxg5 Qxe1
29.Nd3 Qd2+ 30.Nf2 Re2 31.Rc7 Rf8 32.Rcd7 Qxa2 33.Rd8 Ree8 34.Rxe8 Rxe8 35.Rd7 Rf8
36.Qd5 Qd2 37.Kf3 Qc3+ 38.Kg4 Qc2 39.Kf3 Qc3+ 40.Kg2 Qd2 41.h4 h6 42.Kf3 Qc3+
43.Kg4 Qd2 44.Kf3 Qc3+ 45.Kg2 Qd2 46.g4 Qf4 47.gxh6 Qxh6 48.h5 gxh5 49.gxh5 Qe6
50.Kf3 Qf6+ 51.Kg3 Re8 52.Ng4 Qf1 53.Qf3 Qe1+ 54.Kh3 Qe6 55.Rd5 Rc8 56.Rg5 Qe7
57.Nh6+ Kf8 58.Rxg7 Qe6+ 59.Nf5 Rc3 60.Qxc3 Qxf5+ 61.Rg4  1-0

[Event "EU-ch Union SCIPT"]
[Site "DEN"]
[Date "1999.??.??"]
[Round "5"]
[White "Stempin, Pawel"]
[Black "Pfeifer, Tamas"]
[Result "1/2-1/2"]
[WhiteElo "2390"]
[BlackElo "2260"]

1.d4 Nf6 2.Nf3 g6 3.c4 Bg7 4.g3 O-O 5.Bg2 d6 6.Nc3 a6 7.O-O Nc6 8.b3 Rb8
9.Nd5 Na5 10.Nxf6+ Bxf6 11.Bh6 Re8 12.Rc1 Nc6 13.d5 Ne5 14.Nxe5 Bxe5 15.Qd2 Bd7
16.f4 Bf6 17.b4 c6 18.e4 cxd5 19.exd5 Rc8 20.Kh1  1/2-1/2

[Event "Dresden op"]
[Site "Dresden"]
[Date "1999.??.??"]
[Round "?"]
[White "Bagaturov, Giorgi"]
[Black "Hoffmann, Hendrik"]
[Result "1/2-1/2"]
[WhiteElo "2530"]
[BlackElo "2300"]

1.d4 Nf6 2.c4 g6 3.Nf3 Bg7 4.g3 O-O 5.Bg2 d6 6.Nc3 Nc6 7.O-O a6 8.b3 Rb8
9.Nd5 e6 10.Nxf6+ Bxf6 11.e4 e5 12.d5 Ne7 13.Bb2 Bg7 14.Ne1 f5 15.Nd3 fxe4
16.Bxe4 Nf5 17.Qd2 Rf7 18.f4 exf4 19.Bxg7 Nxg7 20.Nxf4 Qg5 21.Qd4 Bd7 22.Rae1 Rbf8
23.Bg2 b6 24.b4 h5 25.Ne6 Rxf1+ 26.Bxf1 Nxe6 27.dxe6 Bc6 28.Bg2 Bxg2 29.Kxg2 Qf5
30.e7 Re8 31.Re2 Qg5 32.Qe4 Kg7 33.a3 Qf6 34.h4 Qf7 35.c5 bxc5 36.bxc5 Qf6
37.cxd6 Qxd6 38.Kh2 Kf7 39.Qc4+ Kg7 40.Re6 Qd2+ 41.Kh3 Qd1 42.Qc3+ Kh7 43.Kh2 Qb1
44.Qf6 Qc2+ 45.Kh3 Qf5+ 46.Qxf5 gxf5 47.Kg2 Kg7 48.Kf3 Kf7 49.Rxa6 Kxe7 50.Rc6 Ra8
51.Rxc7+ Kf6 52.Rc3 Ra4 53.Kf2 Ke5 54.Re3+ Kd5 55.Rf3 Ke5 56.Ke2 Rg4 57.Re3+ Kd5
58.Rf3 Ke5 59.Rb3 Kd5 60.Kf3 Ra4 61.Kg2 Ke5 62.Rf3 Ra5 63.Kf1 Ra4 64.Kf2 Ke6
65.Ke2 Rg4 66.Kd2 Ke5 67.Kc2 f4 68.Rxf4 Rxg3 69.Ra4 Kd6 70.Kb2 Rg4 71.Rb4 Rxb4+
72.axb4 Kc6 73.Kc2 Kb5  1/2-1/2

[Event "Dresden (Women)"]
[Site "Dresden"]
[Date "1999.??.??"]
[Round "?"]
[White "Kiseleva, Natalia"]
[Black "Lomineishvili, Maia"]
[Result "0-1"]
[WhiteElo "2340"]
[BlackElo "2385"]

1.d4 Nf6 2.Nf3 g6 3.g3 Bg7 4.Bg2 O-O 5.c4 d6 6.O-O Nc6 7.d5 Na5 8.Nfd2 c5
9.a3 Ng4 10.Ra2 b6 11.b4 Nb7 12.h3 Nh6 13.Nb3 Qc7 14.N1d2 Bd7 15.Bb2 Ba4
16.Bxg7 Kxg7 17.Qa1+ Kg8 18.Rc1 e5 19.dxe6 fxe6 20.Qc3 Rae8 21.Nf3 Nf5 22.Nbd2 Bc6
23.e4 Ng7 24.b5 Bd7 25.e5 d5 26.Nh2 dxc4 27.Ng4 Kh8 28.a4 Na5 29.Nxc4 Nxc4
30.Qxc4 Rd8 31.f4 Bc8 32.Qe4 Nf5 33.Kh2 Rd4 34.Qe2 Rfd8 35.Nf2 Bb7 36.Bxb7 Qxb7
37.g4 Nh4 38.Kg3 Ng2 39.a5 Nxf4 40.Qf3 Rd3 41.Qxd3 Rxd3+ 42.Nxd3 Nxd3 43.Rca1 Qe4
44.axb6 Qe3+ 45.Kg2 Nf4+ 46.Kf1 Qxh3+ 47.Kf2 Qg2+ 48.Ke1 Qg1+ 49.Kd2 Qd4+
50.Kc2 Qd3+ 51.Kc1 axb6  0-1

[Event "Eger Agria op"]
[Site "Eger"]
[Date "1999.??.??"]
[Round "?"]
[White "Sandor, Tamas"]
[Black "Olah, Sandor"]
[Result "1/2-1/2"]
[WhiteElo "2100"]
[BlackElo "2055"]

1.Nf3 Nf6 2.g3 g6 3.Bg2 Bg7 4.d4 O-O 5.c4 d6 6.Nc3 Nc6 7.Nd5 Bg4 8.Ne3 Bd7
9.O-O Rb8 10.d5 Ne5 11.Nxe5 dxe5 12.Qc2 c5 13.Rd1 Ne8 14.Nf1 Nd6 15.e4 f5
16.f3 f4 17.Rd3 a6 18.a4 b5 19.axb5 axb5 20.b3 b4 21.Bb2 Ra8 22.Rdd1 g5 23.g4 Qc7
24.Nd2  1/2-1/2

[Event "Cataluna Club op"]
[Site "ESP"]
[Date "1999.??.??"]
[Round "?"]
[White "Sanchez Niubo, Albert"]
[Black "Vargas Drechsler, Carlos"]
[Result "0-1"]
[WhiteElo "1895"]
[BlackElo "2085"]

1.d4 Nf6 2.c4 g6 3.g3 Bg7 4.Bg2 O-O 5.Nf3 d6 6.Nc3 Nc6 7.O-O Rb8 8.h3 a6
9.e4 Nd7 10.Be3 b5 11.cxb5 axb5 12.a4 b4 13.Nd5 Ba6 14.Re1 Na5 15.Nxb4 Rxb4
16.Bd2 Qb8 17.Bxb4 Qxb4 18.Qc2 c5 19.Qc3 Rb8 20.Qxb4 Rxb4 21.dxc5 Nxc5 22.e5 Nd3
23.exd6 Nxe1 24.dxe7 Nxf3+ 25.Bxf3 Rb8 26.Rd1 Bf6 27.b4 Bb7 28.Bxb7 Nxb7
29.Rd7 Nd6 30.b5 Nf5 31.a5 Nxe7 32.a6 Nc8 33.a7 Ra8 34.b6 Nxb6 35.Rb7 Bd4
36.Rb8+ Kg7 37.Rxa8 Nxa8 38.Kf1 Bxa7  0-1